000 00960pam a2200301 i 4500
001 019601455
003 EG-ScBUE
005 20230516113547.0
008 190912t2020 enka f b 001 0 eng d
020 _a9781786275769
040 _aStDuBDS
_beng
_erda
_cStDuBDS
_dUk
_dEG-ScBUE
082 0 4 _a746.92
_222
_bANT
100 1 _aAntoine, Denis,
_eauthor.
245 1 0 _aFashion design :
_ba guide to the industry and the creative process /
_cDenis Antoine.
264 1 _aLondon :
_bLaurence King Publishing,
_c[2020]
264 4 _cc2020
300 _a224 pages :
_billustrations ;
_c29 cm
336 _atext
_2rdacontent
_btxt
336 _astill image
_2rdacontent
_btxt
337 _aunmediated
_2rdamedia
_bn
338 _avolume
_2rdacarrier
_bnc
504 _aIncludes bibliographical references and index.
650 7 _aFashion design.
_2BUEsh
650 7 _aClothing trade.
_2BUEsh
653 _bART
_cMay2023
655 _vReading book
942 _2ddc
_cBB
999 _c30412
_d30383